000 005160000a22001690004500
003 MACL
005 20160505133138.0
008 160505b xxu||||| |||| 00| 0 eng d
040 _aMACL
_cMACL
041 _aHindi
082 _a800 GOP
100 _aगुप्‍त, योगेश
_945367
245 _aपहला अक्षर
_cयोगेश गुप्‍त
260 _bशब्‍द शिल्‍पी
_c2010
_aनई दिल्‍ली
350 _a150
942 _cHIN
_k800/GUP
_2ddc
999 _c45149
_d45149